000 01201cam a2200217 4500
001 ABS63363
008 000000n2000 000 0 eng u
035 _a(Sirsi) u110053
100 _aWatson, S
245 _aCatching the development train
260 _c2000
490 _aProperty Week
_v65(47) 1 December 2000, 39-40(3)
520 _aDescribes how the new rail franchises will open up more opportunities for property developers. This is because the new franchises are for 20 years rather than the 7 years of the old franchises. These new franchises are seen as a huge opportunity to improve the railways as the new TOCs will be able to make a serious return on their investments, not only in rolling stock, but also in development opportunities in and around stations. The article also outlines some of the difficulties that may be involved with rail property development as any projects must keep disruption of the operation of the railway service to an absolute minimum.
590 _aABS
650 _aRAIL FRANCHISES
650 _aRAIL DEVELOPMENT
650 _aTRAIN OPERATING COMPANIES
650 _aPROPERTY DEVELOPMENT
690 _aTRANSPORT AND COMMUNICATIONS
942 _n0
999 _c65645
_d65645